000 00899nam a2200229Ia 4500
001 8681
003 GE_BSU
008 181216s||||||||xx |||||||||||||| ||und||
040 _cGE_BSU
080 _a82-93
100 _aიოსელიანი,ოტია.
245 _aცხრა მთას იქეთ
245 _bმოთხრობა.სასკოლო ასაკის ბავშვებისათვის.
245 _cრედ:ხ.ბერულავა;მხატვ;დ.ერისთავი
260 _aთბილისი.
260 _bნაკადული.
260 _c1963-1971.
300 _a79გვ;1ფ.პორტრ.ილ;20სმ.
653 _aმოთხრობა.სასკოლო ასაკის ბავშვებისათვის.
653 _aცხრა მთას იქეთ
942 _cBK
999 _c41995
_d41995